000 00560nam a22002057a 4500
003 OSt
005 20250905155415.0
008 250905t2021 ag |||||r|||| 00| f spa d
020 _a978-987-4109-95-8
040 _cBesoc
080 _082-32(82)
100 1 _aAcevedo, Cristian.
245 1 0 _aMatilde decide vivir /
_cuna novela de Cristian Acevedo.
250 _a1a ed. 4a reimp.
260 _aBuenos Aires :
_bBärenhaus,
_c2021.
300 _a136p ;
_c23 cm.
650 4 _aLiteratura argentina
_xNovela
_ySiglo XXI
655 4 _aNovela
942 _2udc
_cLPD
_n0
999 _c576
_d576